Владимир Этуш. Старый знакомый (Запись № 12766018)

Подробности
000 -МАРКЕР
контрольное поле 02781nam0a2200457 4500
001 - ИДЕНТИФИКАТОР ЗАПИСИ
контрольное поле RU\NLR\BIBL_A\016230525
005 - ИДЕНТИФИКАТОР ВЕРСИИ
контрольное поле 20221221122604.0
010 ## - МЕЖДУНАРОДНЫЙ СТАНДАРТНЫЙ НОМЕР КНИГИ (ISBN)
Номер (ISBN) 978-5-17-149292-2
Тираж 1500
021 ## - НОМЕР ГОСУДАРСТВЕННОЙ РЕГИСТРАЦИИ
Код страны Российская Федерация
Номер КН-П-22-077525
Номер Листа государственной регистраци КН-П-22-6778
035 ## - ДРУГИЕ СИСТЕМНЫЕ НОМЕРА
Идентификатор записи (NLR Aleph) 016230525
035 ## - ДРУГИЕ СИСТЕМНЫЕ НОМЕРА
Идентификатор записи (RuMoRGB)011341504
100 ## - ДАННЫЕ ОБЩЕЙ ОБРАБОТКИ
Данные общей обработки 20221207d2022 u y0rusy50 ca
101 0# - ЯЗЫК РЕСУРСА
Язык текста, звукозаписи и т.д. русский
102 ## - СТРАНА ПУБЛИКАЦИИ ИЛИ ПРОИЗВОДСТВА
Страна публикации Российская Федерация
105 ## - ПОЛЕ КОДИРОВАННЫХ ДАННЫХ: ТЕКСТОВЫЕ МАТЕРИАЛЫ, МОНОГРАФИЧЕСКИЕ
Кодированные данные о монографическом текстовом документе ach z 000zy
181 #0 - ПОЛЕ КОДИРОВАННЫХ ДАННЫХ: ВИД СОДЕРЖАНИЯ
Код вида содержания (ISBD) i
Код характеристики содержания (ISBD) axxe
182 #0 - ПОЛЕ КОДИРОВАННЫХ ДАННЫХ: ТИП СРЕДСТВА
Код типа средства (ISBD) n - непосредственное
200 1# - ЗАГЛАВИЕ И СВЕДЕНИЯ ОБ ОТВЕТСТВЕННОСТИ
Основное заглавие Владимир Этуш. Старый знакомый
Первые сведения об ответственности Елена Этуш
203 ## - ВИД СОДЕРЖАНИЯ И ТИП СРЕДСТВА
Вид содержания Текст
Дополнительные сведения об издании визуальный
Тип средства непосредственный
210 ## - ПУБЛИКАЦИЯ, РАСПРОСТРАНЕНИЕ И ДР.
Место издания, распространения и т.д. Москва
Имя издателя, распространителя и т. д. АСТ
Дата издания, распространения и т.д. 2022
Имя издателя, распространителя и т. д. Кладезь
215 ## - ФИЗИЧЕСКАЯ ХАРАКТЕРИСТИКА
Специфическое обозначение материала и объем 219, [4] с., [16] л. ил., цв. ил., портр., факс.
Размеры 22
225 1# - СЕРИЯ
Основное заглавие серии Зеркало памяти
330 ## - РЕЗЮМЕ ИЛИ РЕФЕРАТ
Текст примечания В этой книге собраны размышления Владимира Этуша о своей жизни, войне, театре, кино, а также воспоминания его коллег и учеников: у каждого из них тоже есть своя история о нем. Многое из этого увидело свет впервые. Наконец полностью опубликован фронтовой дневник Владимира Абрамовича, один из ярких документов эпохи, рассказывающий о Великой Отечественной войне. Актер, фронтовик, педагог... вот такой он, наш старый знакомый
333 ## - ПРИМЕЧАНИЯ ОБ ОСОБЕННОСТЯХ РАСПРОСТРАНЕНИЯ И ИСПОЛЬЗОВАНИЯ
Текст примечания 12+
517 1# - ДРУГИЕ ВАРИАНТЫ ЗАГЛАВИЯ
Вариант заглавия Старый знакомый
600 #1 - ИМЯ ЛИЦА КАК ПРЕДМЕТ
Начальный элемент ввода Этуш
Часть имени, кроме начального элемента ввода В.А.
Даты 1922 - 2019
Расширение инициалов личного имени Владимир Абрамович
Формальный подзаголовок Воспоминания, записки и т.п
Системный номер авторитетной/нормативной записи 2278999
Идентификатор авторитетной/нормативной записи RU\NLR\AUTH\661365521
606 1# - НАИМЕНОВАНИЕ ТЕМЫ КАК ПРЕДМЕТ
Наименование темы Драматический театр русский советский
Формальный подзаголовок Воспоминания, записки и т.п
Системный номер авторитетной/нормативной записи 2321270
Идентификатор авторитетной/нормативной записи RU\NLR\AUTH\661388694
606 1# - НАИМЕНОВАНИЕ ТЕМЫ КАК ПРЕДМЕТ
Наименование темы Художественно-игровое кино русское советское
Формальный подзаголовок Воспоминания, записки и т.п
Системный номер авторитетной/нормативной записи 2546907
Идентификатор авторитетной/нормативной записи RU\NLR\AUTH\661507390
675 ## - УНИВЕРСАЛЬНАЯ ДЕСЯТИЧНАЯ КЛАССИФИКАЦИЯ (UDC/УДК)
Индекс [792.2
Издание 4
675 ## - УНИВЕРСАЛЬНАЯ ДЕСЯТИЧНАЯ КЛАССИФИКАЦИЯ (UDC/УДК)
Индекс 791.22](47+57)(093.3)
Издание 4
686 1# - ИНДЕКСЫ ДРУГИХ КЛАССИФИКАЦИЙ
Индекс Щ334.3(2Р=Рус)7-86Этуш
686 1# - ИНДЕКСЫ ДРУГИХ КЛАССИФИКАЦИЙ
Индекс Щ374.3(2Р)7-86Этуш
686 1# - ИНДЕКСЫ ДРУГИХ КЛАССИФИКАЦИЙ
Индекс Щ334.3(2Р=Рус)7
686 1# - ИНДЕКСЫ ДРУГИХ КЛАССИФИКАЦИЙ
Индекс Щ374.3(2Р)7
700 #1 - ИМЯ ЛИЦА - ПЕРВИЧНАЯ ОТВЕТСТВЕННОСТЬ
Начальный элемент ввода Этуш
Часть имени, кроме начального элемента ввода Е. Е.
Расширение инициалов личного имени Елена Евгеньевна
702 #1 - ИМЯ ЛИЦА - ВТОРИЧНАЯ ОТВЕТСТВЕННОСТЬ
Код отношения Объект посвящения
Графика поля Кириллица
Материалы, к которым относится поле rus
Начальный элемент ввода Этуш
Часть имени, кроме начального элемента ввода В. А.
Даты 1923-2019
Расширение инициалов личного имени Владимир Абрамович
Системный номер авторитетной/нормативной записи 223528
Идентификатор авторитетной/нормативной записи RU\NLR\AUTH\770223584
942 ## - ДОПОЛНИТЕЛЬНЫЕ ЭЛЕМЕНТЫ ЗАПИСИ (АБИС)
Тип экземпляра АБИС Книга
980 ## - КОЛЛЕКЦИЯ
Название коллекции Национальная библиография
Экземпляры
Тип экземпляра Дата поступления Источник поступления Библиотека постоянного хранения Библиотека текущего хранения Место хранения Шифр хранения Штрих-код Статус экземпляра Стоимость
Книга 07.12.2022 Обязательный экземпляр РНБ (Московский) РНБ (Московский) Русский книжный фонд: издания с 1957 года 2022-5/12617 1-4082968    
Книга 07.12.2022 Обязательный экземпляр РНБ (Московский) РНБ (Московский) Русский книжный фонд: издания с 1957 года 2022-5/12617 1-4082969    
Книга 16.12.2022   РНБ (Московский) РНБ (Московский) Кафедра Абонемента (Московский)   ERR-266334   0.00
Книга 15.12.2022   РНБ (Садовая) РНБ (Садовая) Универсальный читальный зал   ERR-266002   0.00